01722pab a2200145 454500008004000000100002300040245008400063260000900147300001700156520126200173650003501435650003501470650002001505773005101525180718b2004 xxu||||| |||| 00| 0 eng d aHarris, Richard L. aDemocratization of the state: a global perspective and South African case study c2004 ap.1061-1100. aThis essay provides a global perspective on the democratic transformation of the state in societies undergoing democratization. Comparative research indicates that the development and effective performance of democratic political systems require the establishment of honest and competent public bureaucracies that avoid political partisanship and demonstrate respect for the diverse values and interests of the population they serve. Especially important in democratizing the state is the development and practice of the norms of secondary democracy. The practice of these norms of mutual respect, fairness, and collaboration create the essential culture of modus vivendi of democracy. The Republic of South Africa is analyzed as an important case study of contemporary state that is attempting to create a democratic and corruption - free public service in a country with an extremely racist, authoritarian, and corruption-ridden past. This case study reveals that the democratization of the state in South Africa, as in the case of other countries around the world, requires the members of the state bureaucracy to practice the norms of secondary democracy in their daily relations with one another and in their relations with the citizenry. - Reproduced. aDemocratization - Case studies aDemocratization - South Africa aDemocratization aInternational Journal of Public Administration